000 00980nam a22002057a 4500
999 _c22140
_d22140
003 AR-CdUCM
008 190429b ||||| |||| 00| 0 spa d
040 _aMUNICIPALIDAD PROVINCIAL DEL CUSCO
_cBIBLIOTECA MUNICIPAL DEL CUSCO
082 _aDer.i.Socid/N°1/1985
245 _aDerecho y Sociedad política :
_brevista jurídica /
_cFernando Murillo, Director
260 _aCusco.
_bDeiso,
_c1985.
300 _a105 páginas. :
_c16x21 cm.
440 _aDerecho y Sociedad política.
_nN°1, setiembre 1985.
_947525
505 _aContenido: Los derechos subjetivos. Julio Holgado O. -- La constitución y el análisis jurídico. M, Rubio. --El Derecho de persona. -- La teoría general del acto. -- Derechos reales. El derecho de familia. -- Delito de tráfico ilícito de drogas. -- La pena de muerte. -- Derecho penal militar. ...
650 _aCiencias jurídicas
_915945
650 _aDerecho peruano
_921203
650 _aSiglo XX
_947526
942 _2ddc
_cPP
945 _arac